It’s All Coming Back To Me Now - Céline Dion - All Lyrics - Statistics

General Stats
  • This quiz has been taken 199 times
  • The average score is 547 of 640
Answer Stats
Answer % Correct
I
100%
it,
100%
It
100%
it
100%
all
99%
All
99%
back
99%
back,
99%
coming
99%
it's
99%
It’s
99%
(It's
99%
me
99%
to
99%
now)
97%
now
97%
the
97%
The
97%
was
96%
we
96%
We
96%
when
96%
When
96%
There
95%
there
95%
were
95%
where
95%
you
95%
And
94%
and
94%
that
94%
That
94%
like
93%
so
93%
But
92%
nights
92%
this
92%
of
91%
touch
91%
cold
90%
wind
89%
my
88%
hold
87%
in
87%
pleasure
85%
Baby,
84%
baby
84%
baby,
84%
do
84%
then
84%
Then
84%
if
83%
If
83%
just
83%
days
80%
kiss
80%
see
79%
can
78%
for
78%
never
78%
endless
77%
ever
77%
again
76%
or
76%
allow
75%
had
74%
hard
74%
have
74%
how
73%
light
73%
sun
73%
right
72%
body
71%
long
71%
things
71%
with
71%
ago
70%
can't
70%
remember
70%
cruel
69%
every
68%
made
68%
window
68%
flashes
67%
left
67%
than
67%
crying
66%
more
66%
always
65%
on
65%
any
64%
gone
64%
I'd
64%
moments
64%
admit
63%
froze
63%
memory
62%
outside
61%
forever
59%
(Forever)
59%
lies
59%
want
59%
your
59%
eyes
58%
knew
58%
banished
57%
seemed
57%
time
57%
barely
56%
finished
56%
gold
55%
believe
54%
last
54%
recall
54%
instant
53%
what
53%
resist
52%
whisper
52%
up
51%
bed
50%
dust
50%
tears
50%
we'd
50%
turned
48%
listened
46%
lost
46%
need
45%
they'd
45%
door
44%
drying
44%
laws
39%
slamming
39%
myself
38%
strong
38%
wasted
38%
at
35%
history
34%
somehow
34%
forgive
33%
since
31%
forget
30%
those
30%
us
30%
went
30%
much
29%
dead
27%
empty
27%
hollow
26%
even
24%
flesh
24%
hours
23%
fantasies
21%
hurt
21%
tried
21%
threats
20%
alone
19%
deeper
19%
worse,
18%
chances
16%
count
15%
whenever
14%
No matching quizzes found
Score Distribution
Percent of People with Each Score
Percentile by Number Answered
Your Score History
You have not taken this quiz